Justicia y ley penal (Registro nro. 30961)

Detalles MARC
000 -CABECERA
Longitud fija campo de control 01104nam a2200217 a 4500
003 - • IDENTIFICADOR DELl NÚMERO DE CONTROL
Identificador del número de control CO-ViMGA
008 - • CÓDIGOS DE INFORMACIÓN DE LONGITUD FIJA
Códigos de información de longitud fija 141112s2004 ck r 000 u spa d
040 ## - FUENTE DE LA CATALOGACIÓN
Centro catalogador de origen CO-ViMGA
Lengua de catalogación spa
Centro transcriptor CO-ViMGA
082 04 - • NÚMERO DE LA CLASIFICACIÓN DECIMAL DEWEY
Número de clasificación (R) 345 F374j
100 1# - • PUNTO DE ACCESO PRINCIPAL-NOMBRE DE PERSONA
Nombre de persona Ferri, Enrique
245 10 - • TITULO PROPIAMENTE DICHO
Título Justicia y ley penal
300 ## - • DESCRIPCIÓN FÍSICA
Extensión 181
505 ## - • NOTA DE CONTENIDO CON FORMATO
Nota de contenido con formato La justicia penal : la noticia de un delito, El delito en la conciencia publica, Grecia, los primeros progresos, derecho romano, dercho germanico, derecho canonico, estatutos municipales 9 - 37 - - La ciencia penal : La escuela clasica, La escuela positiva, los neoclasicos, las varias ramas de la ciencia penal, 41 - 96 - - La ley penal : Origen y funcion penal, imperio absolutod de la ley penal, las formas de la ley penal, prerrogativas personales, la extradicion 105 - 183
590 ## - NOTAS LOCALES
Nota local Forma de adquisición : Compra - - Precio : 25000 - - Proveedor : Dismet - - Fecha de adquisición : 2008
650 14 - • PUNTO DE ACCESO ADICIONAL DE MATERIA - TÉRMINO DE MATERIA
Término de materia o nombre geográfico como elemento inicial DERECHO PENAL
650 14 - • PUNTO DE ACCESO ADICIONAL DE MATERIA - TÉRMINO DE MATERIA
Término de materia o nombre geográfico como elemento inicial DERECHO PENAL - LEGISLACION
650 14 - • PUNTO DE ACCESO ADICIONAL DE MATERIA - TÉRMINO DE MATERIA
Término de materia o nombre geográfico como elemento inicial JUSTICIA PENAL
942 ## - ENTRADA DE ELEMENTOS AGREGADOS (KOHA)
Fuente de clasificaión o esquema Dewey Decimal Classification
Koha [por defecto] tipo de item LIbro
Existencias
Perdido Fuente de clasificación o esquema Estado Físico No para préstamo Forma de adquisición Localización permanente Localización actual Fecha adquisición Serie de enumeración / cronolog&íacute;a Préstamos totales Signatura completa Código de barras Fecha última consulta Número de copia Fecha del precio de reemplazo Tipo de item de Koha
  Dewey Decimal Classification     Sala Especializada Tercer Piso Biblioteca Pública Germán Arciniegas - Villavicencio Biblioteca Pública Germán Arciniegas - Villavicencio 12/04/2015 11/jun/2009   345 F374j 22661 12/04/2015 Ej. 1 12/04/2015 LIbro









Instituto Departamental de Cultura del Meta - Red Departamental de Bibliotecas Públicas del Meta.